| 000 -LEADER |
| fixed length control field |
00543nam a22001817a 4500 |
| 005 - DATE AND TIME OF LATEST TRANSACTION |
| control field |
20240108144414.0 |
| 008 - FIXED-LENGTH DATA ELEMENTS--GENERAL INFORMATION |
| fixed length control field |
240108s1967 ru ||||| |||| 00| 0 rus d |
| 041 ## - LANGUAGE CODE |
| Language code of text/sound track or separate title |
rus |
| 080 ## - UNIVERSAL DECIMAL CLASSIFICATION NUMBER |
| Universal Decimal Classification number |
72(32)(091) X-69 |
| 100 ## - MAIN ENTRY--PERSONAL NAME |
| Personal name |
Ходжаш, С.И. |
| 9 (RLIN) |
20955 |
| 245 ## - TITLE STATEMENT |
| Title |
Каир / |
| Statement of responsibility, etc. |
С.И. Ходжаш. |
| 264 ## - PRODUCTION, PUBLICATION, DISTRIBUTION, MANUFACTURE, AND COPYRIGHT NOTICE |
| Place of production, publication, distribution, manufacture |
М.: |
| Name of producer, publisher, distributor, manufacturer |
Искусство, |
| Date of production, publication, distribution, manufacture, or copyright notice |
1967. |
| 300 ## - PHYSICAL DESCRIPTION |
| Extent |
183 с., |
| Other physical details |
ил.; |
| Dimensions |
17 cm. |
| 440 ## - SERIES STATEMENT/ADDED ENTRY--TITLE |
| Title |
Города и музеи мира |
| 9 (RLIN) |
20091 |
| 653 ## - INDEX TERM--UNCONTROLLED |
| keyword |
კაირო |
| 653 ## - INDEX TERM--UNCONTROLLED |
| keyword |
ისტორია |
| 942 ## - ADDED ENTRY ELEMENTS (KOHA) |
| Source of classification or shelving scheme |
|
| Koha item type |
წიგნი |